Lịch sử nghiên cứu và phát triển cây mít = Artocarpus heterophyllus Lam.

Giới thiệu phân loại, nguồn gốc và phân bố, đặc điểm sinh học và giá trị sử dụng, di truyền cây mít và cải tiến giống,...

Đã lưu trong:
Sonraí Bibleagrafaíochta
Príomhúdar: Phạm, Hùng Cương
Formáid: Leabhar
Teanga:Undetermined
Foilsithe: Hà Nội Nông nghiệp 2019
Ábhair:
Clibeanna: Cuir Clib Leis
Gan Chlibeanna, Bí ar an gcéad duine leis an taifead seo a chlibeáil!
Thư viện lưu trữ: Trung tâm Học liệu Trường Đại học Cần Thơ
LEADER 00814nam a2200205Ia 4500
001 CTU_235882
008 210402s9999 xx 000 0 und d
082 |a 634.6 
082 |b C561 
100 |a Phạm, Hùng Cương 
245 0 |a Lịch sử nghiên cứu và phát triển cây mít = 
245 0 |b Artocarpus heterophyllus Lam. 
245 0 |c Phạm Hùng Cương (Chủ biên) 
260 |a Hà Nội 
260 |b Nông nghiệp 
260 |c 2019 
520 |a Giới thiệu phân loại, nguồn gốc và phân bố, đặc điểm sinh học và giá trị sử dụng, di truyền cây mít và cải tiến giống,... 
650 |a Cây ăn quả,Fruit trees 
910 |b nthai 
980 |a Trung tâm Học liệu Trường Đại học Cần Thơ